115 principios del basquetbol

Shranjeno v:
Bibliografske podrobnosti
Glavni avtor: Oreste Calderón, Héctor A. (autor)
Format: Knjiga
Jezik:španščina
Izdano: Santiago SVC. Multicopias 1985
Teme:
Oznake: Označite
Brez oznak, prvi označite!

MARC

LEADER 00000nam a2200000 a 4500
001 UCZ6870
003 CL-VaPUC
008 951215e19850000CL |||||||||||||||||spa|d
082 0 4 |a 796.323  |b ORE  |2 21 
100 |a Oreste Calderón, Héctor A.  |e autor  |9 351437 
245 1 0 |a 115 principios del basquetbol 
300 |a 258 p 
942 |c BK 
945 |d 19951215 00:00:00  |a lriquelm 
260 |a Santiago  |b SVC. Multicopias  |c 1985 
650 7 |a BASQUETBOL  |2 CL-VaPUC  |9 351438 
650 7 |a JUEGOS DE PELOTA  |2 CL-VaPUC  |9 340284 
650 7 |a DEPORTE  |2 CL-VaPUC  |9 351439 
650 7 |a EJERCICIO  |2 CL-VaPUC  |9 310040 
650 0 |a Educación física  |9 240893 
583 |a last modification  |c 19951215 00:00:00  |k Rodrigo Vera 
999 |c 243020  |d 243018 
952 |0 0  |1 0  |4 0  |6 796_323000000000000_ORE_1985  |7 0  |8 A  |9 256387  |a BIBEDU  |b BIBEDU  |d 2019-11-19  |i 1608630  |o 796.323 ORE 1985  |p 1608630  |r 2019-11-19  |w 2019-11-19  |y BK  |k EDU 
952 |0 0  |1 0  |4 0  |6 796_323000000000000_ORE_1985  |7 0  |8 A  |9 256388  |a BIBEDU  |b BIBEDU  |d 2019-11-19  |i 1608681  |o 796.323 ORE 1985  |p 1608681  |r 2023-08-09  |w 2019-11-19  |y BK  |k EDU